Bytový dom

Uložené v:
Podrobná bibliografia
Hlavný autor: Nagy, Boglárka (Autor)
Ďalší autori: Somorová, Viera (Vedúci práce)
Médium: Rukopis Kniha
Jazyk:Slovak
Vydavateľské údaje: 2018
Predmet:
On-line prístup:http://is.stuba.sk/zp/portal_zp.pl?podrobnosti=139216
https://opac.crzp.sk/?fn=detailBiblioForm&sid=CB745B58B0F7E53C035AC56F3E25
Tagy: Pridať tag
Žiadne tagy, Buďte prvý, kto otaguje tento záznam!

MARC

LEADER 00000ntm a22000003a 4500
001 stuzp69824
003 SK-STU
005 20230522094244.1
007 ta
008 150427s2015----xo-----f-mn---000-0-slo-d
040 |a STU  |b slo 
041 0 |a slo 
100 1 |a Nagy, Boglárka  |u 010270  |4 aut  |U SvF Stavebná fakulta  |T SvF Katedra technológie stavieb  |X 81219  |U V270  |Y 28  |7 81219 
242 0 1 |a Residential House  |y eng 
245 1 0 |a Bytový dom 
260 |c 2018 
650 4 |a cieľ  |2 slo 
650 4 |a podlahy  |2 slo 
650 4 |a príloha  |2 slo 
650 4 |a aim  |2 eng 
650 4 |a develop  |2 eng 
650 4 |a report  |2 eng 
700 1 |a Somorová, Viera  |u 010270  |k Z1  |4 ths  |U SvF Stavebná fakulta  |T SvF Katedra technológie stavieb  |X 672  |U V270  |Y 28  |7 A000000672 
856 4 |u http://is.stuba.sk/zp/portal_zp.pl?podrobnosti=139216 
856 4 |u https://opac.crzp.sk/?fn=detailBiblioForm&sid=CB745B58B0F7E53C035AC56F3E25